Demystifying Artificial Intelligence: Symbolic Data-Driven Statistical and Ethical AI (Record no. 43605)
[ view plain ]
| 000 -LEADER | |
|---|---|
| fixed length control field | 00541nam a22001697a 4500 |
| 005 - DATE AND TIME OF LATEST TRANSACTION | |
| control field | 20250407124928.0 |
| 008 - FIXED-LENGTH DATA ELEMENTS--GENERAL INFORMATION | |
| fixed length control field | 250407b |||||||| |||| 00| 0 eng d |
| 020 ## - INTERNATIONAL STANDARD BOOK NUMBER | |
| International Standard Book Number | 9783111425672 |
| 041 ## - LANGUAGE CODE | |
| Language code of text/sound track or separate title | eng |
| 082 ## - DEWEY DECIMAL CLASSIFICATION NUMBER | |
| Classification number | 006.310 GIL |
| 100 ## - MAIN ENTRY--PERSONAL NAME | |
| Author | Gillain, Emmanuel |
| 245 ## - TITLE STATEMENT | |
| Title | Demystifying Artificial Intelligence: Symbolic Data-Driven Statistical and Ethical AI |
| 260 ## - PUBLICATION, DISTRIBUTION, ETC. | |
| Place | UK |
| Publisher | De Gruyter |
| Publication Year | 2024 |
| 300 ## - PHYSICAL DESCRIPTION | |
| Extent | 459;. pages: 24 cm |
| 650 ## - SUBJECT ADDED ENTRY--TOPICAL TERM | |
| Subject | Deep learning (Machine learning); Neural networks (Computer science); Mathematics |
| 942 ## - ADDED ENTRY ELEMENTS (KOHA) | |
| Koha item type | Books |
| Withdrawn status | Lost status | Source of classification or shelving scheme | Damaged status | Not for loan | Home library | Current library | Shelving location | Accession Date | Vendor | Price | Bill number | Total Checkouts | Full call number | Barcode No | Date last seen | Discount | Bill Date | Koha item type | Suggested By |
|---|---|---|---|---|---|---|---|---|---|---|---|---|---|---|---|---|---|---|---|
| Dewey Decimal Classification | IMTN | IMTN | Rack 3-B | 03/27/2025 | Raghav Books Private Limited | 7451.34 | 2374 | 006.310 GIL | 33855 | 04/07/2025 | 33 | 02/14/2025 | Books | Dr. Mantha Raghu (Head Librarian) |